| 000 | 00436nam a2200169Ia 4500 | ||
|---|---|---|---|
| 005 | 20250507125804.0 | ||
| 008 | 008 250505s9999 xx 000 0 kor d | ||
| 037 | _aAudio | ||
| 040 |
_aEASL _beng _cEASL |
||
| 041 |
_akor _2eng |
||
| 084 |
_aCD00137-139 _qEASL |
||
| 245 | 0 | _aTohoshinki Live Tour 2012 Tone = K-pop | |
| 490 | _vV. 3 | ||
| 650 | _aKorean | ||
| 942 |
_cAUD _hCD00137-139 |
||
| 999 |
_c1313132 _d1313132 |
||